[Event "Petersburg Summer 2016"]
[Site "St Petersburg"]
[Date "2016.08.19"]
[Round "3.25"]
[White "Talyansky, Seth D"]
[Black "Bondarenko, Ivan"]
[Result "1/2-1/2"]
[WhiteElo "1963"]
[BlackElo "2224"]
[PlyCount "153"]
[EventDate "2016.08.17"]
[EventType "swiss"]
[EventCountry "RUS"]

1. e4 c5 2. Nf3 e6 3. d4 cxd4 4. Nxd4 Nf6 5. Bd3 Nc6 6. Nb3 d6 7. O-O Be7 8.
Nc3 O-O 9. Qe2 a6 10. a4 b6 11. f4 Qc7 12. Bd2 Re8 13. Rae1 Nd7 14. Rf3 Bf6 15.
Rh3 g6 16. Qf2 Bb7 17. g4 Nb4 18. g5 Bg7 19. Qh4 Nf8 20. Qf2 Rab8 21. Rg3 Ba8
22. h4 f5 23. gxf6 Bxf6 24. Rh3 Re7 25. Kh2 Rbe8 26. Rg1 Rg7 27. Nc1 Bb7 28.
N1e2 Bc8 29. h5 Qd8 30. Be3 e5 31. Bxb6 Qd7 32. f5 d5 33. Nxd5 Nxd5 34. Bc4
gxf5 35. Bxd5+ Kh8 36. Rxg7 Bxg7 37. h6 Bf6 38. Rg3 Ng6 39. Qxf5 Bh4 40. Rf3
Qe7 41. Qf7 Bg4 42. Qg7+ Qxg7 43. hxg7+ Kxg7 44. Rf7+ Kh8 45. Ng3 Nf4 46. Bc7
Nxd5 47. exd5 e4 48. Rf4 Bxg3+ 49. Kxg3 Bd7 50. Kf2 Bxa4 51. b3 Bd7 52. Ke3 Rc8
53. d6 Kg7 54. Rxe4 Kf6 55. Re7 Kg6 56. c4 h5 57. Kd4 Rh8 58. Ba5 h4 59. Re2 h3
60. Rh2 Rb8 61. b4 Kf7 62. Rf2+ Ke6 63. Kc5 Ke5 64. Re2+ Kf4 65. Bc7 Rh8 66.
Kb6 h2 67. Rxh2 Rxh2 68. c5 Rc2 69. Kxa6 Ke4 70. b5 Kd5 71. c6 Bxc6 72. bxc6
Kxc6 73. Ka7 Ra2+ 74. Kb8 Ra3 75. Kc8 Rd3 76. Bb8 Rxd6 77. Bxd6 1/2-1/2

[Event "Petersburg Summer 2016"]
[Site "St Petersburg"]
[Date "2016.08.19"]
[Round "3.26"]
[White "Turikov, Viktor"]
[Black "Slugin, Yaroslav"]
[Result "1-0"]
[WhiteElo "2209"]
[BlackElo "1940"]
[PlyCount "85"]
[EventDate "2016.08.17"]
[EventType "swiss"]
[EventCountry "RUS"]

1. b4 Nf6 2. Bb2 e6 3. a3 d5 4. e3 a5 5. b5 Bd6 6. f4 O-O 7. Nf3 c6 8. a4 Nbd7
9. c4 Re8 10. cxd5 exd5 11. Be2 Qb6 12. Qc2 Ne4 13. Nd4 Ndf6 14. O-O c5 15. Nf3
Be7 16. Ne5 d4 17. d3 Nd6 18. e4 Nd7 19. Nd2 Rf8 20. Ndc4 Nxc4 21. Nxc4 Qc7 22.
Nd2 Qd8 23. Bf3 b6 24. e5 Rb8 25. Nc4 Bb7 26. Rae1 Re8 27. Bc1 Bf8 28. Qf2 Qc7
29. Qg3 Bxf3 30. Rxf3 f5 31. e6 Nf6 32. Qg5 Nd5 33. Qxf5 Nc3 34. Ne5 Re7 35.
Nc6 Nxa4 36. Nxe7+ Qxe7 37. Qe5 Re8 38. f5 Nc3 39. Qg3 Kh8 40. Bg5 Qb7 41. f6
gxf6 42. Bxf6+ Bg7 43. e7 1-0

[Event "Petersburg Summer 2016"]
[Site "St Petersburg"]
[Date "2016.08.19"]
[Round "3.27"]
[White "Zavgorodniaya, Alena"]
[Black "Nordquelle, Daniel"]
[Result "1-0"]
[WhiteElo "1937"]
[BlackElo "2176"]
[PlyCount "71"]
[EventDate "2016.08.17"]
[EventType "swiss"]
[EventCountry "RUS"]

1. e4 c5 2. Nf3 d6 3. Bb5+ Bd7 4. Bxd7+ Qxd7 5. c4 Nf6 6. Nc3 Nc6 7. d4 cxd4 8.
Nxd4 e6 9. O-O Be7 10. Be3 O-O 11. b3 Rac8 12. f4 Ne8 13. Qf3 Bf6 14. Rad1 a6
15. Qg3 Qc7 16. f5 Nxd4 17. Bxd4 Bxd4+ 18. Rxd4 b5 19. Kh1 Qa7 20. Qd3 e5 21.
Rd5 bxc4 22. bxc4 Qc7 23. c5 Qa5 24. cxd6 Rxc3 25. Qd2 Qb4 26. d7 Nd6 27. Rxd6
Rd8 28. f6 Qc4 29. Rd1 gxf6 30. Rxf6 Kh8 31. Qd6 Rc1 32. h3 Rxd1+ 33. Qxd1 Qxe4
34. Rxf7 Rg8 35. Qf1 Qc6 36. d8=Q 1-0

[Event "Petersburg Summer 2016"]
[Site "St Petersburg"]
[Date "2016.08.19"]
[Round "3.28"]
[White "Khadzhiev, Valery"]
[Black "Gatalov, Dmitriy"]
[Result "1-0"]
[WhiteElo "2174"]
[BlackElo "1919"]
[PlyCount "101"]
[EventDate "2016.08.17"]
[EventType "swiss"]
[EventCountry "RUS"]

1. d4 d5 2. Nf3 Nf6 3. c4 e6 4. Nc3 c6 5. Bg5 dxc4 6. g3 b5 7. Bg2 Bb7 8. O-O
Nbd7 9. Nd2 Qb6 10. Nde4 Nd5 11. g4 N7f6 12. Nxf6+ Nxf6 13. e4 h6 14. Be3 Rd8
15. Qe2 Qa5 16. a3 Be7 17. f4 Qc7 18. Bf3 a6 19. Qg2 Kd7 20. Rad1 Kc8 21. Qf2
Qd7 22. h3 g5 23. fxg5 hxg5 24. Bg2 Qc7 25. e5 Nd5 26. Nxd5 cxd5 27. Qxf7 Qd7
28. Qg6 Rdg8 29. Qc2 Rg7 30. Rf3 Rf8 31. Rdf1 Rxf3 32. Rxf3 Qe8 33. Bf1 Kd7 34.
Qf2 Qg6 35. Qd2 Kc6 36. Be2 Kb6 37. Bd1 Qe4 38. Kf2 Qb1 39. Qc2 Qxc2+ 40. Bxc2
a5 41. Rf6 Bc8 42. Rh6 b4 43. axb4 axb4 44. Ke2 Ka5 45. Kd2 b3 46. Bb1 Rf7 47.
Rh7 Bb4+ 48. Ke2 Rf8 49. Ra7+ Ba6 50. Bxg5 c3+ 51. Bd3 1-0

[Event "Petersburg Summer 2016"]
[Site "St Petersburg"]
[Date "2016.08.19"]
[Round "3.29"]
[White "Manin, Viktor"]
[Black "Yakovlev, Yuri S"]
[Result "1-0"]
[WhiteElo "2159"]
[BlackElo "1891"]
[PlyCount "79"]
[EventDate "2016.08.17"]
[EventType "swiss"]
[EventCountry "RUS"]

1. Nf3 c5 2. c4 b6 3. e3 Bb7 4. d4 e6 5. Nc3 d6 6. b3 Nf6 7. Bb2 Be7 8. Bd3
Nbd7 9. O-O O-O 10. Qe2 e5 11. d5 Ng4 12. e4 h5 13. g3 Bc8 14. Ne1 Bg5 15. h3
Nh6 16. Qxh5 Bd2 17. Nb5 Nf6 18. Qh4 a6 19. Nc3 Bxe1 20. Raxe1 Nh7 21. Qxd8
Rxd8 22. Kh2 Ng5 23. f4 Nxh3 24. Be2 Ng4+ 25. Kxh3 Ne3+ 26. Kh2 Nxf1+ 27. Rxf1
f6 28. Kg2 Bd7 29. a4 Kf7 30. fxe5 dxe5 31. d6 Bc6 32. Nd5 Bxd5 33. exd5 Ke8
34. a5 Rxd6 35. Ba3 Rc8 36. b4 g6 37. axb6 Rxb6 38. bxc5 Rb3 39. Rf3 Rbb8 40.
c6 1-0

[Event "Petersburg Summer 2016"]
[Site "St Petersburg"]
[Date "2016.08.19"]
[Round "3.30"]
[White "Zhemchuzhina, Elizaveta"]
[Black "Grigoryeva, Olga A"]
[Result "0-1"]
[WhiteElo "1867"]
[BlackElo "2156"]
[PlyCount "124"]
[EventDate "2016.08.17"]
[EventType "swiss"]
[EventCountry "RUS"]

1. d4 g6 2. c4 Bg7 3. Nc3 c5 4. d5 Bxc3+ 5. bxc3 f5 6. g3 Qa5 7. Qc2 d6 8. Bg2
Nf6 9. Bg5 Nbd7 10. h4 h6 11. Bd2 Nb6 12. Nh3 Nxc4 13. Nf4 Rg8 14. h5 g5 15.
Ne6 Nxd2 16. Qxd2 Bxe6 17. dxe6 Ne4 18. Bxe4 fxe4 19. Rc1 c4 20. Qb2 Qb6 21.
Qd2 Qc6 22. Qd4 b6 23. O-O d5 24. Qe5 O-O-O 25. f3 Qd6 26. Qxd6 Rxd6 27. fxe4
dxe4 28. Rcd1 Rxe6 29. Rd4 b5 30. Rf5 a6 31. a4 bxa4 32. Rxc4+ Kb7 33. Rxa4 Rc8
34. Rb4+ Ka7 35. Rd5 Rc7 36. Rdd4 Rec6 37. c4 Re6 38. Kf2 e3+ 39. Kf3 Rb7 40.
c5 Rxb4 41. Rxb4 a5 42. Rc4 Kb7 43. Ra4 Ka6 44. Ra1 Kb5 45. c6 Rxc6 46. Kxe3
Ra6 47. Kd4 a4 48. Kc3 Kc5 49. Kb2 a3+ 50. Ka2 Kd4 51. e3+ Kxe3 52. Re1+ Kf3
53. Rxe7 Kg4 54. Re3 Kxh5 55. Re4 Kg6 56. Rb4 h5 57. Rb8 Ra4 58. Rg8+ Kf5 59.
Rh8 Kg4 60. Rh7 Kxg3 61. Rxh5 g4 62. Rg5 Kf3 0-1

[Event "Petersburg Summer 2016"]
[Site "St Petersburg"]
[Date "2016.08.19"]
[Round "3.31"]
[White "Pankova, Julia"]
[Black "Dragun, Valentin"]
[Result "0-1"]
[WhiteElo "1845"]
[BlackElo "2151"]
[PlyCount "76"]
[EventDate "2016.08.17"]
[EventType "swiss"]
[EventCountry "RUS"]

1. e4 g6 2. d4 Bg7 3. Nc3 d6 4. f4 c6 5. Nf3 Bg4 6. Be2 Qb6 7. e5 Nh6 8. h3
Bxf3 9. Bxf3 Nf5 10. Ne2 O-O 11. c3 Nh4 12. Qd3 Qa6 13. Qe3 Nd7 14. Qf2 Nxf3+
15. Qxf3 f6 16. e6 Nb6 17. f5 gxf5 18. Qxf5 Qb5 19. Qxb5 cxb5 20. Ng3 Nd5 21.
Nf5 Rfe8 22. O-O Kh8 23. Bd2 Rac8 24. Rac1 Rc6 25. Rf3 Rg8 26. Kf2 Bf8 27. Ng3
Nc7 28. Re1 d5 29. Rfe3 Bh6 30. R3e2 Bxd2 31. Rxd2 Nxe6 32. Nf5 Nf4 33. Kf3 Ng6
34. Nxe7 Nh4+ 35. Ke3 Re6+ 36. Kf2 Rxg2+ 37. Kf1 Rxe1+ 38. Kxe1 Nf3+ 0-1

[Event "Petersburg Summer 2016"]
[Site "St Petersburg"]
[Date "2016.08.19"]
[Round "3.32"]
[White "Kuznetsov, Felix"]
[Black "Averyanov, Grigori"]
[Result "1-0"]
[WhiteElo "2150"]
[BlackElo "1821"]
[PlyCount "63"]
[EventDate "2016.08.17"]
[EventType "swiss"]
[EventCountry "RUS"]

1. f4 c5 2. Nf3 Nc6 3. g3 g6 4. Bg2 Bg7 5. O-O Nf6 6. d3 d5 7. Nc3 O-O 8. e4 e6
9. h3 Qc7 10. Qe2 a6 11. Qf2 b6 12. g4 dxe4 13. dxe4 Bb7 14. e5 Nd5 15. Ne4
Nce7 16. Nd6 Bc6 17. a3 Nc8 18. c4 Nde7 19. Nxc8 Raxc8 20. Be3 Bb7 21. Ng5 Bxg2
22. Qxg2 Qc6 23. Rad1 Rcd8 24. Qxc6 Nxc6 25. Ne4 Na5 26. Nd6 f6 27. b4 Rxd6 28.
exd6 Nxc4 29. bxc5 bxc5 30. Bxc5 f5 31. d7 Rd8 32. Be7 1-0

[Event "Petersburg Summer 2016"]
[Site "St Petersburg"]
[Date "2016.08.19"]
[Round "3.33"]
[White "Shadunts, Kirill"]
[Black "Nasybullina, Alfia"]
[Result "1/2-1/2"]
[WhiteElo "1824"]
[BlackElo "2141"]
[PlyCount "101"]
[EventDate "2016.08.17"]
[EventType "swiss"]
[EventCountry "RUS"]

1. d4 Nf6 2. c4 e6 3. Nc3 d5 4. cxd5 exd5 5. Bg5 c6 6. Qc2 Be7 7. e3 Ne4 8.
Bxe7 Qxe7 9. Bd3 Nxc3 10. bxc3 Qg5 11. Ne2 Nd7 12. Ng3 h6 13. Rb1 O-O 14. O-O
Qd8 15. f3 b5 16. e4 Nb6 17. e5 Nc4 18. Bxc4 dxc4 19. Rbd1 Be6 20. f4 Bd5 21.
f5 f6 22. Qd2 b4 23. cxb4 a5 24. a3 axb4 25. axb4 Ra3 26. Qf4 Qe7 27. exf6 Qxf6
28. Qe5 Ra2 29. Rf2 Rxf2 30. Kxf2 Ra8 31. Rd2 Qg5 32. Re2 Qh4 33. h3 Kh7 34. b5
Ra3 35. bxc6 Bxc6 36. Rc2 Be4 37. Rd2 Bd5 38. f6 Qxf6+ 39. Qxf6 gxf6 40. Ne2
Be4 41. d5 Bd3 42. Nc1 Bf5 43. d6 Ra7 44. Ne2 Rd7 45. Rd4 Kg7 46. Rxc4 Rxd6 47.
Rd4 Ra6 48. g4 Be6 49. Nf4 Bf7 50. Kg3 Ra3+ 51. Rd3 1/2-1/2

[Event "Petersburg Summer 2016"]
[Site "St Petersburg"]
[Date "2016.08.19"]
[Round "3.34"]
[White "Popovich, Alexey"]
[Black "Hurtado, Felipe"]
[Result "0-1"]
[WhiteElo "1818"]
[BlackElo "2132"]
[PlyCount "96"]
[EventDate "2016.08.17"]
[EventType "swiss"]
[EventCountry "RUS"]

1. e4 c6 2. d4 d5 3. e5 Bf5 4. Nf3 e6 5. Be2 a6 6. O-O Nd7 7. Be3 Nh6 8. h3 Bg6
9. Nbd2 b5 10. a4 Be7 11. axb5 axb5 12. c3 Nf5 13. Bf4 O-O 14. Nb3 Ra4 15. Bd3
Qb6 16. Bc2 Rfa8 17. Qe2 Ra2 18. Rxa2 Rxa2 19. Bb1 Ra6 20. Bd3 Qa7 21. Bg5 Bxg5
22. Nxg5 h6 23. Nf3 Ne7 24. Bxg6 Nxg6 25. Ne1 Ra2 26. Nd3 Qc7 27. Qc2 Ne7 28.
Ra1 Rxa1+ 29. Nxa1 c5 30. Nxc5 Nxc5 31. dxc5 Qxc5 32. Nb3 Qc4 33. Nd4 b4 34.
Qb3 Qxb3 35. Nxb3 bxc3 36. bxc3 Ng6 37. Kf1 Kf8 38. Ke2 Nxe5 39. Nd4 Ke7 40. f4
Nc4 41. Kd3 f6 42. f5 e5 43. Ne6 g5 44. g4 Nb6 45. Nc7 Kd7 46. Ne6 Na4 47. Nf8+
Kd6 48. Ne6 Nc5+ 0-1

[Event "Petersburg Summer 2016"]
[Site "St Petersburg"]
[Date "2016.08.19"]
[Round "3.35"]
[White "Rubtsov, Aleksandr"]
[Black "Svidinsky, Dmitry"]
[Result "0-1"]
[WhiteElo "1817"]
[BlackElo "2122"]
[PlyCount "150"]
[EventDate "2016.08.17"]
[EventType "swiss"]
[EventCountry "RUS"]

1. e4 c6 2. d4 d5 3. Nc3 dxe4 4. Nxe4 Bf5 5. Ng3 Bg6 6. h4 h6 7. Nf3 Nd7 8. h5
Bh7 9. Bd3 Bxd3 10. Qxd3 e6 11. Bd2 Ngf6 12. O-O-O Be7 13. Qe2 O-O 14. Ne5 Qb6
15. f4 Rad8 16. Be3 Nd5 17. Rde1 Nxe5 18. dxe5 Qa5 19. Kb1 Nxe3 20. Qxe3 Rd5
21. Ne4 Rfd8 22. Qf3 Qb6 23. g4 Rb5 24. b3 Ba3 25. Nc3 Rb4 26. Rd1 Rbd4 27.
Rxd4 Rxd4 28. Rd1 Qb4 29. Rxd4 Qxd4 30. Nd1 Qd2 31. Nb2 g5 32. hxg6 fxg6 33.
Qe4 Kg7 34. Qf3 Qh2 35. Nd1 h5 36. gxh5 gxh5 37. f5 Qd2 38. Nb2 Qe1+ 39. Nd1
exf5 40. Qxh5 Qxe5 41. Qg5+ Kf7 42. Qh5+ Kf8 43. Qh6+ Ke8 44. Qg6+ Kd8 45. Qg8+
Kc7 46. Qf7+ Kb6 47. Qh5 a6 48. Qg5 Qd4 49. Qe3 c5 50. Qf3 Qd2 51. Nb2 Bxb2 52.
Kxb2 f4 53. a3 Qd4+ 54. Kc1 c4 55. bxc4 Qxc4 56. Kd2 a5 57. Qf2+ Kb5 58. Qf3 b6
59. Kc1 Qd4 60. Qb3+ Ka6 61. c3 Qe3+ 62. Kc2 Qe4+ 63. Kd2 f3 64. c4 Qe2+ 65.
Kc1 Qe1+ 66. Kc2 Qe4+ 67. Kd2 Kb7 68. Qb5 Kc7 69. Qh5 Qf4+ 70. Kd3 f2 71. Qh7+
Kb8 72. Qg8+ Ka7 73. Qh7+ Ka6 74. Qg8 f1=Q+ 75. Kc2 Qe2+ 0-1

[Event "Petersburg Summer 2016"]
[Site "St Petersburg"]
[Date "2016.08.19"]
[Round "3.36"]
[White "Tretyakov, Stepan"]
[Black "Lyazhkov, Sergey"]
[Result "1-0"]
[WhiteElo "2122"]
[BlackElo "1799"]
[PlyCount "83"]
[EventDate "2016.08.17"]
[EventType "swiss"]
[EventCountry "RUS"]

1. d4 Nf6 2. c4 g6 3. Nc3 Bg7 4. e4 d6 5. Nf3 O-O 6. h3 e5 7. d5 Na6 8. Be3 Nc5
9. Nd2 a5 10. g4 b6 11. Be2 Ne8 12. g5 f5 13. h4 f4 14. Bxc5 dxc5 15. Bg4 Nd6
16. Bxc8 Qxc8 17. a4 f3 18. Qc2 Qg4 19. O-O-O Qh5 20. Rh3 Rf4 21. Rdh1 Raf8 22.
Nd1 Qg4 23. Ne3 Qd7 24. b3 Qe7 25. Qd3 Qd7 26. Rg3 R8f7 27. Rhh3 Qe7 28. Rxf3
Nxe4 29. Rxf4 exf4 30. Qxe4 Qd7 31. Qe6 fxe3 32. Rxe3 Qd8 33. Qe8+ Qxe8 34.
Rxe8+ Bf8 35. Ne4 Rf3 36. Kc2 Rh3 37. Rc8 Rxh4 38. Nf6+ Kg7 39. Rxc7+ Kh8 40.
Rd7 Rh2 41. Kd3 Rh4 42. Ke3 1-0

[Event "Petersburg Summer 2016"]
[Site "St Petersburg"]
[Date "2016.08.19"]
[Round "3.37"]
[White "Israyelyan, Eduard"]
[Black "Ustinov, Alexey"]
[Result "0-1"]
[WhiteElo "1808"]
[BlackElo "2117"]
[PlyCount "94"]
[EventDate "2016.08.17"]
[EventType "swiss"]
[EventCountry "RUS"]

1. e4 c5 2. Nf3 Nc6 3. d4 cxd4 4. Nxd4 e5 5. Nb5 a6 6. Nd6+ Bxd6 7. Qxd6 Qf6 8.
Qd3 Qg6 9. Nc3 Nf6 10. g3 d5 11. Nxd5 Nxd5 12. Qxd5 Be6 13. Qd3 Rd8 14. Qe3 Nd4
15. Bd3 Qh5 16. h4 Bc4 17. O-O Bxd3 18. cxd3 Nc2 19. Qc5 Nxa1 20. Be3 Nc2 21.
Qxc2 O-O 22. Kg2 Qg4 23. Qc3 Qe2 24. Qxe5 Qxd3 25. Qe7 Qb5 26. b3 Rfe8 27. Qc7
Rc8 28. Qf4 Rc2 29. Rd1 h6 30. Rd5 Qc6 31. Bd4 Qg6 32. Rf5 Re2 33. h5 Qe6 34.
Re5 Qc6 35. Rxe8+ Qxe8 36. Kf3 Rxa2 37. Qg4 Qf8 38. Qd7 b5 39. Kg2 Re2 40. Qf5
Qe8 41. Kf3 Re1 42. Qg4 f6 43. Bc3 Rh1 44. Kg2 Qxh5 45. Qe6+ Kh7 46. Bxf6 Re1
47. Bh4 Qg6 0-1

[Event "Petersburg Summer 2016"]
[Site "St Petersburg"]
[Date "2016.08.19"]
[Round "3.38"]
[White "Kamnev, Alexander"]
[Black "Glazov, Anatoly"]
[Result "1-0"]
[WhiteElo "2101"]
[BlackElo "1766"]
[PlyCount "32"]
[EventDate "2016.08.17"]
[EventType "swiss"]
[EventCountry "RUS"]

1. e4 e5 2. Nf3 Nc6 3. Bc4 Bc5 4. d3 d6 5. c3 Nf6 6. O-O Bg4 7. Nbd2 O-O 8. Re1
Bb6 9. Nf1 a6 10. Bb3 Na5 11. Bc2 c5 12. h3 Bh5 13. Ng3 Bg6 14. Nh4 c4 15. Nhf5
d5 16. exd5 Qxd5 1-0

[Event "Petersburg Summer 2016"]
[Site "St Petersburg"]
[Date "2016.08.19"]
[Round "3.39"]
[White "Brugo, Marco"]
[Black "Stroganov, Anatoly"]
[Result "1-0"]
[WhiteElo "2053"]
[BlackElo "1762"]
[PlyCount "81"]
[EventDate "2016.08.17"]
[EventType "swiss"]
[EventCountry "RUS"]

1. d4 Nf6 2. c4 e5 3. dxe5 Ng4 4. Bf4 Bb4+ 5. Nd2 d6 6. exd6 Qf6 7. Nh3 Nc6 8.
g3 cxd6 9. Bg2 Nge5 10. O-O Bxd2 11. Bxd2 Bxh3 12. Bxh3 Nxc4 13. Bc3 Qh6 14.
Bg2 O-O 15. e4 Rad8 16. b3 Nb6 17. f4 Rfe8 18. Qd2 Re7 19. Rad1 Red7 20. Qe2
Re7 21. Qf2 Nd7 22. Rfe1 Nf6 23. Qb2 Ne8 24. Re2 f6 25. Red2 Rc8 26. Rd5 Rec7
27. R5d2 Qh5 28. b4 a6 29. a4 Qg4 30. b5 axb5 31. axb5 Nb8 32. Bb4 h5 33. Qb3+
Kh7 34. h3 Qg6 35. Kh2 Nd7 36. Bxd6 Rc3 37. f5 Qg5 38. Qxc3 Rxc3 39. Bf4 Ne5
40. Bxg5 fxg5 41. Rd8 1-0

[Event "Petersburg Summer 2016"]
[Site "St Petersburg"]
[Date "2016.08.19"]
[Round "3.40"]
[White "Zakharov, Yuri"]
[Black "Shinkevich, Maksim"]
[Result "0-1"]
[WhiteElo "1703"]
[BlackElo "2052"]
[PlyCount "50"]
[EventDate "2016.08.17"]
[EventType "swiss"]
[EventCountry "RUS"]

1. Nf3 Nf6 2. g3 g6 3. b3 Bg7 4. Bb2 d6 5. Bg2 O-O 6. d4 c5 7. O-O Nc6 8. e3
Nh5 9. c3 e5 10. d5 Ne7 11. e4 Qe8 12. Nbd2 Bd7 13. Nc4 b5 14. Ne3 f5 15. exf5
gxf5 16. Ng5 f4 17. Nc2 Qg6 18. Ne6 Bxe6 19. dxe6 Rae8 20. Na3 e4 21. Nxb5 f3
22. Bh1 Nf4 23. Re1 d5 24. Qc2 e3 25. Rec1 e2 0-1

[Event "Petersburg Summer 2016"]
[Site "St Petersburg"]
[Date "2016.08.19"]
[Round "3.41"]
[White "Mestnikov, Aital"]
[Black "Kuznetsov, Mikhail"]
[Result "1/2-1/2"]
[WhiteElo "2040"]
[BlackElo "1699"]
[PlyCount "97"]
[EventDate "2016.08.17"]
[EventType "swiss"]
[EventCountry "RUS"]

1. e4 c5 2. Nf3 d6 3. d4 cxd4 4. Nxd4 Nf6 5. Nc3 a6 6. h3 e6 7. g4 Be7 8. Be3
b5 9. Bg2 Bb7 10. O-O b4 11. e5 Bxg2 12. exf6 Bxf1 13. fxe7 Qd7 14. Ne4 Bc4 15.
Bh6 d5 16. Bxg7 dxe4 17. Bxh8 Qxe7 18. c3 Nd7 19. Nc6 Qh4 20. Qd6 bxc3 21. Bxc3
Bd5 22. Bd4 Rc8 23. Rc1 h5 24. gxh5 Qg5+ 25. Kh2 e3 26. Rg1 Rxc6 27. Qxd7+ Kxd7
28. Rxg5 e2 29. Re5 Rc4 30. Bc3 Re4 31. Rxe4 Bxe4 32. Kg3 Ke7 33. Kf4 Bf5 34.
Bb4+ Kf6 35. Bc3+ Ke7 36. h6 f6 37. Ke3 Kf7 38. h4 Kg6 39. Kxe2 e5 40. f4 exf4
41. Kf3 Bb1 42. a3 f5 43. Bg7 Kh7 44. h5 Bc2 45. Kxf4 Bb3 46. Kxf5 a5 47. a4
Bxa4 48. Bc3 Bc2+ 49. Kg5 1/2-1/2

[Event "Petersburg Summer 2016"]
[Site "St Petersburg"]
[Date "2016.08.19"]
[Round "3.42"]
[White "Dubrovskiy, Vladimir"]
[Black "Grigoriev, Oleg"]
[Result "1/2-1/2"]
[WhiteElo "1647"]
[BlackElo "2033"]
[PlyCount "59"]
[EventDate "2016.08.17"]
[EventType "swiss"]
[EventCountry "RUS"]

1. Nf3 d5 2. g3 c5 3. Bg2 Nf6 4. O-O e6 5. d4 cxd4 6. Nxd4 e5 7. Nb3 Be6 8. c4
Nc6 9. cxd5 Bxd5 10. Bh3 Bc4 11. Qc2 Bxb3 12. Qxb3 Qc7 13. Nc3 Be7 14. Bg5 O-O
15. Bxf6 Bxf6 16. Nd5 Qd6 17. Nxf6+ Qxf6 18. e3 e4 19. Rad1 Rfe8 20. Bd7 Ne5
21. Bxe8 Nf3+ 22. Kg2 Rxe8 23. Rd7 h6 24. Rxb7 Nh4+ 25. gxh4 Qf3+ 26. Kg1 Qg4+
27. Kh1 Qf3+ 28. Kg1 Qg4+ 29. Kh1 Qf3+ 30. Kg1 1/2-1/2

[Event "Petersburg Summer 2016"]
[Site "St Petersburg"]
[Date "2016.08.19"]
[Round "3.46"]
[White "Afanasiev, Nikita"]
[Black "Shidlovskiy, Artemiy"]
[Result "1-0"]
[WhiteElo "2349"]
[BlackElo "1884"]
[PlyCount "119"]
[EventDate "2016.08.17"]
[EventType "swiss"]
[EventCountry "RUS"]

1. e4 c5 2. Nf3 d6 3. d4 cxd4 4. Nxd4 Nf6 5. Nc3 Nc6 6. Nb3 g6 7. h3 Bg7 8. g3
O-O 9. Bg2 a6 10. O-O Bd7 11. Nd5 Ne5 12. Re1 Rc8 13. Kh2 b5 14. Ne3 Bc6 15. f4
Nc4 16. Nd5 e6 17. Nb4 Bb7 18. Nd3 a5 19. c3 d5 20. Ndc5 Ba8 21. e5 Nd7 22. Nd3
Qb6 23. a4 bxa4 24. Rxa4 Rfd8 25. Nd4 Nc5 26. Nxc5 Qxc5 27. Ra2 Bf8 28. Rf1 Bg7
29. Rf3 Qa7 30. Qa4 Bf8 31. b3 Nb6 32. Qxa5 Qb8 33. Ba3 Bxa3 34. Rxa3 Nd7 35.
b4 Nb6 36. Qa7 Rc7 37. Qxb8 Rxb8 38. Bf1 Nc4 39. Ra2 Kf8 40. Kg1 Ke7 41. Bxc4
dxc4 42. Rf1 Bd5 43. Kf2 f6 44. exf6+ Kxf6 45. Ra6 Kf7 46. Re1 Ra8 47. Rxa8
Bxa8 48. Rxe6 Ra7 49. Re5 Ra2+ 50. Ke3 Bg2 51. h4 Bf1 52. b5 Ra3 53. b6 Bg2 54.
Kf2 Bb7 55. Rc5 Ra2+ 56. Ke3 Ba6 57. Rc7+ Ke8 58. Ra7 Ra3 59. Nb5 Bxb5 60. Rxa3
1-0

[Event "Petersburg Summer 2016"]
[Site "St Petersburg"]
[Date "2016.08.19"]
[Round "3.47"]
[White "Mestnikov, Aisen"]
[Black "Sanarov, Leonid"]
[Result "1-0"]
[WhiteElo "2126"]
[BlackElo "1856"]
[PlyCount "103"]
[EventDate "2016.08.17"]
[EventType "swiss"]
[EventCountry "RUS"]

1. d4 Nf6 2. Nf3 g6 3. g3 Bg7 4. Bg2 O-O 5. O-O d6 6. c4 Nbd7 7. Nc3 e5 8. b3
Re8 9. dxe5 dxe5 10. Bb2 c6 11. Qc2 Qc7 12. Rad1 Nc5 13. Qc1 a5 14. Qe3 Nfd7
15. a3 Qb6 16. Nd2 f5 17. Na2 Nf6 18. h3 Ncd7 19. Qxb6 Nxb6 20. Nc3 e4 21. c5
Nbd7 22. Na4 e3 23. fxe3 Rxe3 24. Nc4 Rxb3 25. Rf3 Rxf3 26. Bxf3 Rb8 27. Nab6
Nd5 28. Bxd5+ cxd5 29. Rxd5 Bxb2 30. Nxd7 Bxd7 31. Rxd7 Bc3 32. Rd3 Bf6 33.
Nxa5 Be7 34. Rd5 Bf8 35. Kg2 b6 36. Nc6 Rc8 37. cxb6 Rxc6 38. b7 Rb6 39. Rd7
Rb2 40. Kf2 Rb1 41. Kf3 Rb3+ 42. e3 g5 43. a4 h5 44. a5 g4+ 45. hxg4 fxg4+ 46.
Ke4 Rb4+ 47. Kf5 h4 48. a6 h3 49. a7 h2 50. Rd1 Rb5+ 51. Kxg4 Rd5 52. b8=Q 1-0

[Event "Petersburg Summer 2016"]
[Site "St Petersburg"]
[Date "2016.08.19"]
[Round "3.48"]
[White "Egorov, Daniil"]
[Black "Yun, Vyacheslav"]
[Result "1-0"]
[WhiteElo "2030"]
[BlackElo "1750"]
[PlyCount "53"]
[EventDate "2016.08.17"]
[EventType "swiss"]
[EventCountry "RUS"]

1. Nf3 d5 2. e3 Nf6 3. c4 e6 4. b3 c5 5. Bb2 Nc6 6. cxd5 exd5 7. Bb5 Bd6 8. O-O
O-O 9. d4 Bg4 10. dxc5 Bxc5 11. Nc3 a6 12. Be2 Rc8 13. h3 Be6 14. Rc1 Ba7 15.
Na4 Ne4 16. Ba3 Re8 17. Bd3 Bf5 18. Bb2 Nb4 19. Rxc8 Qxc8 20. Nh4 Bd7 21. Bb1
Bb5 22. Re1 Qd8 23. Qg4 f6 24. Nf5 Qd7 25. a3 Nd3 26. Bxd3 Bxd3 27. Nh6+ 1-0

[Event "Petersburg Summer 2016"]
[Site "St Petersburg"]
[Date "2016.08.19"]
[Round "3.49"]
[White "Bezstrakhov, Dmitry"]
[Black "Turetsky, Mark"]
[Result "1-0"]
[WhiteElo "1981"]
[BlackElo "1622"]
[PlyCount "59"]
[EventDate "2016.08.17"]
[EventType "swiss"]
[EventCountry "RUS"]

1. e4 e6 2. Nf3 d5 3. e5 c5 4. Be2 Nc6 5. O-O Qc7 6. Re1 Bd7 7. Bf1 g6 8. c3
Bg7 9. d4 b6 10. Na3 a6 11. Bg5 Nge7 12. Rc1 c4 13. Nc2 O-O 14. Qd2 f6 15. exf6
Bxf6 16. Bf4 Qc8 17. b3 b5 18. bxc4 bxc4 19. g3 Nf5 20. Bg2 Ra7 21. Ne3 Nxe3
22. fxe3 Be8 23. Rb1 Rb7 24. Rb2 Rxb2 25. Qxb2 Bd8 26. e4 Bc7 27. Bh6 Rf7 28.
Ng5 Re7 29. Qf2 Bd7 30. Rf1 1-0

[Event "Petersburg Summer 2016"]
[Site "St Petersburg"]
[Date "2016.08.19"]
[Round "3.50"]
[White "Sakorenko, Adriana"]
[Black "Divaev, Vadim"]
[Result "0-1"]
[WhiteElo "1942"]
[BlackElo "1664"]
[PlyCount "60"]
[EventDate "2016.08.17"]
[EventType "swiss"]
[EventCountry "RUS"]

1. e4 e6 2. d4 d5 3. Nd2 Nf6 4. e5 Nfd7 5. c3 c5 6. Bd3 Nc6 7. Ne2 Be7 8. Nf3
O-O 9. O-O cxd4 10. cxd4 Nb6 11. Re1 Bd7 12. a3 a5 13. Bd2 a4 14. Rc1 Nc8 15.
Bb1 Qb6 16. Qc2 g6 17. Bh6 Re8 18. Qd2 f5 19. exf6 Bxf6 20. Qf4 Bg7 21. Bxg7
Kxg7 22. Ne5 Nxe5 23. Qxe5+ Kg8 24. Rc7 Re7 25. Nf4 Nd6 26. Rc3 Rae8 27. Qg5
Qxb2 28. Rd3 Ne4 29. Qh4 g5 30. Rg3 Qxf2+ 0-1

[Event "Petersburg Summer 2016"]
[Site "St Petersburg"]
[Date "2016.08.19"]
[Round "3.51"]
[White "Efremov, Vladislav"]
[Black "Radosevic, Nevena"]
[Result "1-0"]
[WhiteElo "1937"]
[BlackElo "1589"]
[PlyCount "89"]
[EventDate "2016.08.17"]
[EventType "swiss"]
[EventCountry "RUS"]

1. d4 d5 2. c4 e6 3. Nf3 Nf6 4. Bg5 Be7 5. e3 O-O 6. Nbd2 Nbd7 7. Qc2 dxc4 8.
Bxc4 b6 9. Bd3 Bb7 10. Ne5 h6 11. Bxf6 Nxf6 12. Nc6 Bxc6 13. Qxc6 Qd5 14. Bb5
a6 15. Qxd5 Nxd5 16. Bc6 Ra7 17. a3 Bd6 18. Rc1 Ne7 19. Ke2 Rd8 20. Rc2 f6 21.
Rhc1 Kf7 22. Ne4 b5 23. Nd2 Nxc6 24. Rxc6 a5 25. Ne4 Ke7 26. Nxd6 cxd6 27. Rb6
b4 28. axb4 axb4 29. Rxb4 Rdd7 30. Rb8 Ra2 31. h4 d5 32. Kf3 Kf7 33. b4 Rb2 34.
b5 Ra7 35. h5 e5 36. dxe5 fxe5 37. Rc5 e4+ 38. Kg3 Rd7 39. b6 Ke7 40. Rc6 Rd6
41. Rc7+ Rd7 42. Rg8 Ke6 43. Rxd7 Kxd7 44. Rxg7+ Ke8 45. Rg6 1-0